Los cánticos de los niños /

Esther Tapia de Castellanos, escritora mexicana nacida en Morelia en 1842, escribió sus primeros poemas en 1858, aunque no fue sino hasta 1871 cuando publicó, alentada por José María Vigil, su libro inicial Flores silvestres y comenzó a colaborar en periódicos de México, Guadalajara y España. Fallec...

詳細記述

保存先:
書誌詳細
第一著者: Tapia de Castellanos, Esther (autor)
フォーマット: 図書
言語:スペイン語
主題:
タグ: タグ追加
タグなし, このレコードへの初めてのタグを付けませんか!

MARC

LEADER 00000nam^a2200000^a^4500
001 000142168
005 20250526000000.0
009 20260310095639.518
037 |a Acervo ITESO - Biblioteca 
041 |a ESP 
082 |a 808. 899282  |b TAP 
100 |a Tapia de Castellanos, Esther  |e (autor) 
245 1 4 |a Los cánticos de los niños /  |c E. Tapia de Castellanos. 
264 |a Guadalajara, México :  |b Imprenta de Dionisio Rodríguez,  |c 1881 
300 |a 87 p. ;  |c 22.5 cm. 
520 |a Esther Tapia de Castellanos, escritora mexicana nacida en Morelia en 1842, escribió sus primeros poemas en 1858, aunque no fue sino hasta 1871 cuando publicó, alentada por José María Vigil, su libro inicial Flores silvestres y comenzó a colaborar en periódicos de México, Guadalajara y España. Fallecida en 1897 en la capital jalisciense, Tapia de Castellanos alcanzó a presentar un segundo libro, titulado Cánticos de los niños (1881). Una edición que reunió sus dos libros y otros poemas de su autoría salió a luz en 1905 con el título de Obras poéticas. Reconocida por Vigil y por Francisco Sosa como una escritora de gran sensibilidad, Esther Tapia de Castellanos es calificada como una autora con facilidad de versificación, que expresa un marcado interés por la infancia y cuya obra muestra tintes románticos. 
649 |a XX 
650 |a Himnos 
650 |a Cánticos 
650 |a Rimas Infantiles 
650 |a Literatura Mexicana -  |y Siglo XIX 
650 |a Literatura Infantil -  |z México 
650 |a Literatura de Mujeres -  |z México 
650 |a Religión y Literatura 
910 |a Fondo Salvador Reynoso Reynoso 
920 |a Impresos - Libros 
930 |a Libros Antiguos y Raros 
940 |a Literatura 
905 |a 108 
901 |a 0800015301  |b IT2  |c LRA  |u 20250526 
902 |a https://opac.biblio.iteso.mx/vufind/Record/000142168